000 01119nam a2200325 a 4500
001 23432
003 FlNmELB
005 20241216214103.0
006 m o d |
007 cr cn|||||||||
008 201201r2005 pe |||||s|||||||||||spa d
035 _a(MiAaPQ)EBC3203813
035 _a(Au-PeEL)EBL3203813
035 _a(CaPaEBR)ebr10624438
035 _a(OCoLC)929383475
040 _aFlNmELB
_bspa
_cFlNmELB
050 4 _aS1
_bC3874 2005
080 _a63
082 0 4 _a630
_222
100 1 _aCeballos Romero, Raúl R.
245 1 0 _aCultura y desarrollo? Desarrollo y cultura?
_h[recurso electronico]
_cRaúl R. Ceballos Romero.
260 _aLima :
_bPNUD,
_c2005.
300 _a83 p.
533 _aRecurso electrónico. Santa Fe, Arg.: e-libro, 2015. Disponible vía World Wide Web. El acceso puede estar limitado para las bibliotecas afiliadas a e-libro.
650 4 _aTechnology.
_xAgriculture.
_xGeneral.
650 4 _aTecnología.
_xAgricultura.
_xGeneral.
655 4 _aLibros electrónicos.
710 2 _ae-libro, Corp.
856 4 0 _uhttps://elibro.net/ereader/politecnicointernacional/79604
999 _c23432
_d23432